02356nam a2200349 i 4500001001000000003000900010005001700019007000300036008004100039020001800080040003100098041000800129082002800137100004100165245006900206264006500275300005500340336002800395337003500423338003100458504007300489505090400562586005601466590002601522650004801548650004701596910004101643942001201684952014401696952014901840999001701989000000341DO-SdBPM20251028114239.0ta081112s2007 dr ac r 001 0 spa d a9789993456148 aDO-SdBPMbspacBPMSU erda aspa 4a796.357bG146L 20072221 aGalán, Bismar,d1961-eautor4aut.13aEl Licey :bun siglo de identidad y fanatismo /cBismar Galán. aSanto Domingo, Republica Dominicana :bEditora Norma,c2007. a172 páginas :bilustraciones, retratos ;c22 cm. atextobtxt2rdacontent  asin mediación bn2rdamedia  avolumen bnc2rdacarrier  aIncluye referencias bibliográficas y notas al pie de las páginas0 aA modo de introducción -- La magia de un siglo -- El Licey en el juego de las identidades -- El Licey como medio de riqueza social -- Huellas del tigre -- Del nacimiento -- Personajes: fundadores, jugadores -- Mostrando garras -- Coronas azules -- Los Citychamps: Tigres contra Leones -- En series nacionales y del Caribe --El Licey en grandes ligas -- Simbolismo liceísta -- Confines de una metáfora: "tigres azules" -- ¿Por qué tigres? -- Del lapislázuli al "Azul Licey" -- Otras creaciones y recreaciones -- La fanaticada azul -- "Ser liceísta, ¿es sufrir? -- Otros porqués del liceísmo -- Fanáticos célebres -- El liceísmo, ¿ideología o fe? -- Los "tigresitos" del Licey -- Las "tigresas". Del sufrimiento al gozo -- Fanáticos y vida comercial -- Fanáticos y vida comercial -- Pintamos el malecón de azul -- Del play al plato y un sancocho azul -- Loas al Licey. aSegundo premio concurso "Juan Bosch" - SEDEFIR 2006 aInventariado, 2025/VM 7aBéisbolzRepública DominicanaxHistoria 7aDeporteszRepública DominicanaxHistoria aVMateo V. Control de calidad. BPMSU  2ddccBK 00102ddc708CDaBPMETbBPMETd2022-06-14eBelgica Fernández l0oBPMSU CD 796.357 G146L 2007pBPMSU25100113r2022-06-14w2022-06-14yBK 00102ddc708CDaBPMETbBPMETd2022-06-14eBelgica Fernández l0oBPMSU CD 796.357 G146L 2007pBPMSU26020096r2026-02-16te.2w2022-06-14yBK c14232d14232